[Event "Challenge"]
[Site "http://www.queenalice.com/game.php?id=81832"]
[Date "2006.7.2"]
[Round "-"]
[White "Luann03"]
[Black "Lucas12"]
[Result "1-0"]
[WhiteElo "1330"]
[BlackElo "1587"]

1. e3 e6 2. Qf3 g6 3. Nh3 Nh6 4. Nc3 Bg7 5. b3 b6 6. Ba3 Ba6 7. Bc4 d5 8. Bb5+
Bxb5 9. Nxb5 Bxa1 10. Nc3 Nc6 11. Nf4 Ne5 12. Qe2 Nhg4 13. f3 Qh4+ 14. g3 Qg5
15. h4 Qf5 16. O-O Bxc3 17. dxc3 O-O-O 18. Qa6+ Kd7 19. Qa4+ c6 20. fxg4 Qxg4
21. c4 Qxg3+ 22. Kh1 Qxh4+ 23. Kg2 Qg4+ 24. Kh2 Nf3+ 25. Kh1 Qh4+ 26. Kg2 Qg4+
27. Kf2 e5 28. Nd3 Nh2 29. Rh1 Qh4+ 30. Kg2 e4 31. Ne5+ Ke8 32. Qxc6+ Rd7 33.
Nxd7 Qd8 34. Ne5+ Qd7 35. Qxd7# 1-0

[Event "Challenge"]
[Site "http://www.queenalice.com/game.php?id=81866"]
[Date "2006.7.2"]
[Round "-"]
[White "Luann03"]
[Black "GBS"]
[Result "0-1"]
[WhiteElo "1500"]
[BlackElo "1234"]

1. e3 e5 2. Qf3 d5 3. Bb5+ c6 4. Be2 e4 5. Qf4 Bd6 6. Qxd6 Qxd6 7. Nc3 Nf6 8.
Nh3 h6 9. b3 Na6 10. Ba3 Qxa3 11. Na4 Nb4 12. Nf4 Nxc2+ 13. Kd1 Nxa1 14. b4
Qxa4+ 15. Kc1 Qc2# 0-1

[Event "Challenge"]
[Site "http://www.queenalice.com/game.php?id=81876"]
[Date "2006.7.2"]
[Round "-"]
[White "wagner"]
[Black "Luann03"]
[Result "1-0"]
[WhiteElo "1155"]
[BlackElo "1378"]

1. b3 e6 2. a4 Qf6 3. c3 Nc6 4. h3 d6 5. Bb2 g6 6. Ra2 Bh6 7. c4 Bg5 8. Bxf6
Nxf6 9. g3 Ne5 10. f4 h6 11. fxg5 hxg5 12. d4 Nc6 13. Bg2 d5 14. Nd2 e5 15. dxe5
Ne4 16. Bxe4 dxe4 17. Nxe4 Bf5 18. Nxg5 Nd8 19. N1f3 Nc6 20. Nd4 Nxe5 21. Nxf5
gxf5 22. Qc2 O-O 23. Qxf5 Ng6 24. O-O Rae8 25. Rd1 c6 26. g4 Re3 27. Qc5 Rg3+
28. Kf2 Rxb3 29. Qxa7 Re8 30. Rd7 Nf8 31. Rxb7 Rc3 32. Rxf7 1-0

[Event "Challenge"]
[Site "http://www.queenalice.com/game.php?id=82184"]
[Date "2006.7.3"]
[Round "-"]
[White "Luann03"]
[Black "lukdimarco"]
[Result "0-1"]
[WhiteElo "1500"]
[BlackElo "988"]

1. e3 e5 2. Qf3 Nf6 3. Bc4 d5 4. Bb5+ c6 5. Be2 e4 6. Qf4 Bd6 7. Qg5 O-O 8. Nh3
Bxh3 9. gxh3 g6 10. b3 Nfd7 11. Qh6 Be5 12. d4 exd3 13. cxd3 Bxa1 14. d4 Qf6 15.
O-O c5 16. Bb5 cxd4 17. Rd1 dxe3 18. Ba3 Qxf2+ 19. Kh1 Bg7 20. Qg5 Qf3+ 21. Kg1
Qxd1+ 22. Kg2 e2 23. Qc1 e1=Q 24. Qf4 Qg1# 0-1

[Event "Challenge"]
[Site "http://www.queenalice.com/game.php?id=82195"]
[Date "2006.7.3"]
[Round "-"]
[White "Luann03"]
[Black "dropdead"]
[Result "0-1"]
[WhiteElo "1420"]
[BlackElo "1264"]

1. e3 e5 2. Qf3 d6 3. Bc4 Nh6 4. g4 g5 5. Nh3 e4 6. Qxe4+ Be7 7. Qf3 Bxg4 8. Qe4
Bxh3 9. Qf3 Qd7 10. Nc3 Nc6 11. Qe4 Na5 12. Bd5 c6 13. Bc4 d5 14. Nxd5 cxd5 15.
Bxd5 Bg4 16. b4 Nc6 17. Bb2 Bf5 18. Qg2 Rd8 19. c4 Nxb4 20. Bf3 Nc2+ 21. Kd1
Qxd2# 0-1

[Event "Challenge"]
[Site "http://www.queenalice.com/game.php?id=82297"]
[Date "2006.7.4"]
[Round "-"]
[White "Luann03"]
[Black "MQueST"]
[Result "0-1"]
[WhiteElo "1380"]
[BlackElo "1652"]

1. e3 f5 2. d3 e5 3. Nf3 Nc6 4. Nh4 Qxh4 5. g3 Qd8 6. e4 fxe4 7. dxe4 Nf6 8. Bc4
Nxe4 9. Qf3 Nf6 10. Bg5 Be7 11. O-O d5 12. Bb5 e4 13. Qf4 O-O 14. Be2 Nd4 15.
Bd1 Ng4 16. h3 Rxf4 17. gxf4 Nf6 18. Re1 Bxh3 19. Re3 Qd7 20. Rg3 Nf3+ 21. Kh1
Nh5 22. Bxe7 Nxg3+ 23. fxg3 Qxe7 24. a4 Qb4 25. Nc3 Qxb2 26. Rb1 Qxc3 27. Be2
Qxc2 28. Rd1 Qxe2 0-1

[Event "Challenge"]
[Site "http://www.queenalice.com/game.php?id=82299"]
[Date "2006.7.4"]
[Round "-"]
[White "Luann03"]
[Black "Samara"]
[Result "1-0"]
[WhiteElo "1380"]
[BlackElo "941"]

1. e3 e6 2. Qf3 Bb4 3. c3 Ba5 4. b3 a6 5. Nh3 Nh6 6. Ba3 Nc6 7. Bd3 Ne5 8. Qf4
Nxd3+ 9. Kd1 Nxf4 10. Nxf4 b5 11. Bc1 1-0

[Event "Challenge"]
[Site "http://www.queenalice.com/game.php?id=116835"]
[Date "2006.10.13"]
[Round "-"]
[White "Luann03"]
[Black "leorsantos"]
[Result "1-0"]
[WhiteElo "1303"]
[BlackElo "962"]

1. e3 Nf6 2. Bc4 Ng8 3. Qf3 Nf6 4. Nh3 Nc6 5. Ng5 e5 6. Nxf7 Qe7 7. Nxh8 Qc5 8.
d4 exd4 9. exd4 Nxd4 10. Qh3 Nxc2+ 11. Kd1 1-0